000 00503nam a2200181Ia 4500
005 20250923144515.0
008 008 250917s9999 xx 000 0 eng d
037 _aTextual
040 _aDSWL
_beng
_cDSWL
041 _aeng
_2eng
084 _qDSWL
100 _aGouldner, Alvin W.
_9825577
245 0 _aPatterns of industrial bureaucracy
_cby Alvin W. Gouldner
260 _aLondon
_bRouteledge Kegan Paul
_c1955
700 _aW Alvin
_9825578
942 _cTEXL
999 _c1439783
_d1439783